| 000 | 00762nam a22001937a 4500 | ||
|---|---|---|---|
| 001 | 10034 | ||
| 003 | FISKH | ||
| 005 | 20260401101619.0 | ||
| 008 | 260331b cb ||||| |||| 00| 0 eng d | ||
| 020 | _a9787802467538 | ||
| 040 |
_aFISKH _bchi _cFISKH _dFISKH |
||
| 082 | _a895.1 | ||
| 100 | _a王晋元 | ||
| 245 |
_a空房子 ( The empty house ) / _c王晋元 |
||
| 300 |
_a32 unnumbered pages : _bcolor illustrations ; _c25 cm . |
||
| 520 | _a这是一本温暖的儿童绘本,讲述一间孤独的空房子想寻找陪伴的故事。小老鼠、小狗、小鸟等先后来到又离开,直到流浪汉的出现带来意想不到的结局。故事引导孩子学会面对失落与挫折,培养积极情绪。 | ||
| 942 |
_2ddc _cBOOK _n0 |
||
| 999 |
_c10034 _d10034 |
||